Cyclisme : top 3 de chaque étape du Tour de France 2024 - Statistiques

Statistiques générales
  • Ce quiz a été pris 1 452 fois
  • Le résultat moyen est 43 sur 63
Statistiques - réponses
Étapes Pos Coureur % Correct
Étape 4 1er Tadej Pogacar
100%
Étape 14 1er Tadej Pogacar
100%
Étape 15 1er Tadej Pogacar
100%
Étape 19 1er Tadej Pogacar
100%
Étape 20 1er Tadej Pogacar
100%
Étape 21 1er Tadej Pogacar
100%
Étape 7 2ème Tadej Pogacar
100%
Étape 11 2ème Tadej Pogacar
100%
Étape 11 1er Jonas Vingegaard
98%
Étape 14 2ème Jonas Vingegaard
98%
Étape 15 2ème Jonas Vingegaard
98%
Étape 20 2ème Jonas Vingegaard
98%
Étape 21 2ème Jonas Vingegaard
98%
Étape 10 1er Jasper Philipsen
93%
Étape 13 1er Jasper Philipsen
93%
Étape 16 1er Jasper Philipsen
93%
Étape 5 2ème Jasper Philipsen
93%
Étape 8 2ème Jasper Philipsen
93%
Étape 1 1er Romain Bardet
92%
Étape 7 1er Remco Evenepoel
90%
Étape 4 2ème Remco Evenepoel
90%
Étape 11 3ème Remco Evenepoel
90%
Étape 14 3ème Remco Evenepoel
90%
Étape 15 3ème Remco Evenepoel
90%
Étape 21 3ème Remco Evenepoel
90%
Étape 3 1er Biniam Girmay
88%
Étape 8 1er Biniam Girmay
88%
Étape 12 1er Biniam Girmay
88%
Étape 6 2ème Biniam Girmay
88%
Étape 10 2ème Biniam Girmay
88%
Étape 12 2ème Wout Van Aert
84%
Étape 13 2ème Wout Van Aert
84%
Étape 1 3ème Wout Van Aert
84%
Étape 2 1er Kévin Vauquelin
77%
Étape 17 1er Richard Carapaz
72%
Étape 20 3ème Richard Carapaz
72%
Étape 5 1er Mark Cavendish
70%
Étape 9 1er Anthony Turgis
69%
Étape 17 2ème Simon Yates
67%
Étape 19 3ème Simon Yates
67%
Étape 1 2ème Frank Van den Broek
58%
Étape 6 1er Dylan Groenewegen
56%
Étape 7 3ème Primoz Roglic
50%
Étape 18 1er Victor Campenaerts
50%
Étape 19 2ème Matteo Jorgenson
46%
Étape 9 2ème Tom Pidcock
37%
Étape 2 2ème Jonas Abrahamsen
36%
Étape 3 3ème Arnaud De Lie
34%
Étape 8 3ème Arnaud De Lie
34%
Étape 17 3ème Enric Mas
33%
Étape 18 2ème Mattéo Vercher
33%
Étape 18 3ème Michal Kwiatkowski
29%
Étape 4 3ème Juan Ayuso
25%
Étape 9 3ème Derek Gee
23%
Étape 16 2ème Phil Bauhaus
22%
Étape 10 3ème Pascal Ackermann
17%
Étape 12 3ème Pascal Ackermann
17%
Étape 13 3ème Pascal Ackermann
17%
Étape 3 2ème Fernando Gaviria
16%
Étape 6 3ème Fernando Gaviria
16%
Étape 2 3ème Quentin Pacher
16%
Étape 5 3ème Alexander Kristoff
15%
Étape 16 3ème Alexander Kristoff
15%
Aucun quiz correspondant
Distribution des résultats
% des personnes avec chaque résultat
Percentile par nombre de réponses
Votre historique - résultats
Vous n’avez pas pris ce quiz